zpět

Detail výsledku týmu

Únětická sokolovna, Únětice

Datum a čas kvízu

13.5 Celkem bodů Celkový počet nahraných bodů na tomto kvízu bez doplňovacích otázek.
4. Pořadí na kvízu Konečné umístění týmu na tomto kvízu.

Zaznamenané odpovědi

# Otázka Odpověď Body Výsledky
1. Vozidla taxislužeb již zřejmě... taxametrem 0
2. Jak se nazývá země, která v re... Pákistán 0
3. Dlouho očekávané tmavé téma do... Messenger 1
4. Irský oděvní řetězec, populárn... Primark 0
5. Celkové pořadí Světového pohár... Mikaela Shiffrinová 0
6. Praha, Plzeň, Pardubice, Příbr... Prachatice 0
7. Oganesson, xenon, radon, argon... neon 0
8. Babiš, Sobotka, Zeman, Topolán... Josef Tošovský 0
9. Bohdalová, Kubišová, Rettigová... Milada Horáková 1
10. Komedie omylů, Zkrocení zlé že... Veselé paničky windsorské 0